|
|
|
|
| LEADER |
00000nam1a2200000 4500 |
| 001 |
281788 |
| 005 |
20231101235433.0 |
| 020 |
|
|
|a RU
|b 84-62148
|
| 035 |
|
|
|a (RuTPU)RU\TPU\book\305635
|
| 090 |
|
|
|a 281788
|
| 100 |
|
|
|a 20150126d1984 km y0rusy5003 ca
|
| 101 |
0 |
|
|a rus
|
| 200 |
1 |
|
|a Спускаемые аппараты
|f Б. М. Панкратов
|
| 210 |
|
|
|a Москва
|c Машиностроение
|d 1984
|
| 215 |
|
|
|a 232 с.
|c ил.
|
| 320 |
|
|
|a Библиогр.: с. 327-330
|
| 606 |
1 |
|
|a Космические летательные аппараты спускаемые
|2 stltpush
|3 (RuTPU)RU\TPU\subj\15848
|9 42055
|
| 610 |
1 |
|
|a моделирование
|
| 610 |
1 |
|
|a бортовые комплексы
|
| 610 |
1 |
|
|a модели
|
| 610 |
1 |
|
|a характеристики
|
| 610 |
1 |
|
|a баллистические характеристики
|
| 610 |
1 |
|
|a тепловые потоки
|
| 610 |
1 |
|
|a теплозащита
|
| 610 |
1 |
|
|a проектирование
|
| 610 |
1 |
|
|a искусственные метеоры
|
| 675 |
|
|
|a 629.787
|z rus
|v 3
|
| 700 |
|
1 |
|a Панкратов
|b Б. М.
|g Борис михайлович
|4 070
|
| 801 |
|
0 |
|a RU
|b RuMRKP
|c 19950704
|g psbo
|
| 801 |
|
1 |
|a RU
|b 63413507
|c 20150126
|
| 801 |
|
2 |
|a RU
|b 63413507
|c 20170207
|g RCR
|
| 942 |
|
|
|c BK
|